Obálka Náhled e-knihy:
PDF Epub
Pro půjčování e-knih musíte být přihlášeni.
Jak si půjčit online?

Ordinace /

Román ze života praktického lékaře, který má až příliš dobré srdce. Ale naštěstí i dobré lidi kolem.   Patrik by dneska ordinování nejradši zabalil. V čekárně se už zase hromadí lidi a jeho máti jako zdravotní sestra všechny peskuje, protože pořádek musí být. Jenž...

Celý popis

Uloženo v:
Hlavní autor: Dvořáková, Petra (Autor)
Médium: E-kniha
Jazyk:Czech
Vydáno: Praha : HOST - vydavatelství, s.r.o., 2026
Tagy:
Žádné tagy
LEADER 02663nam a22002297i 4500
001 302767
007 ta
008 260514s2026 xr ||||| |||| 00| 0 cze d
020 |a 9788027530588 
044 |a xr 
100 1 |a  Dvořáková, Petra  |4 aut 
245 1 0 |a Ordinace /  |c  Dvořáková, Petra 
264 1 |a Praha :  |b HOST - vydavatelství, s.r.o.,  |c 2026 
300 |a 1 online zdroj (312 stran) 
336 |a text  |b txt  |2 rdacontent 
337 |a bez média  |b n  |2 rdamedia 
338 |a online zdroj  |b cr  |2 rdacarrier 
520 2 |a Román ze života praktického lékaře, který má až příliš dobré srdce. Ale naštěstí i dobré lidi kolem.   Patrik by dneska ordinování nejradši zabalil. V čekárně se už zase hromadí lidi a jeho máti jako zdravotní sestra všechny peskuje, protože pořádek musí být. Jenže pacient a rýma se neptají, jak doktorovi zrovna je. A tak spolu s kolegyní Marikou statečně udolávají vysoký tlak, cukrovku, nachlazení i čistokrevnou hypochondrii. Ještě že je tu Hanka. Patrik s ní už nějaký čas žije a těší se, že možná brzy budou tři. Jenže nic není snadné ani za dveřmi ordinace. Je tu Patrikova obezita, jeho neohrabané proslovy a jedna malá divná Drejk. Naštěstí se stačí problémům postavit čelem a život bude zase krásný…  Anebo snad ne?  ––– Jen co přiběhnu do ordinace, ve dveřích mě lapí máti. „Máš tady to svoje očkování proti chřipce. Já ti je nedoporučuju, ale když už je chceš, tak je dostaneš,“ prohlásí a stojí s vytasenou vakcínou jak soldát před útokem. Ten pocit, s jakou slastí do mě jehlu rýpne a pak mi s přivřenýma očima bude vpouštět do těla bezbarvou tekutinu, mi obrací žaludek.    „Nakonec možná svůj postoj k očkování přehodnotím, když teď začínám zase randit. Člověk může při intimním kontaktu leccos chytit,“ podotkne máti.     „Ježišmarjá, mami…“ zaúpím. Tohle člověk fakt nechce slyšet. „Už mi to tam vraž!“ zažadoním, jako bych prosil o poslední kulku.— ukázka z knihy  
910 |a RBIT002 
998 |d 427078  |a https://core.palmknihy.cz/api/books/427078/cover?texz3b  |b https://core.palmknihy.cz/api/books/427078/cover/400?texz3b  |c https://core.palmknihy.cz/api/books/427078/cover/50?texz3b  |e 2033-12-31  |g 312  |i 9788027530588  |j https://core.palmknihy.cz/api/books/427078/preview.epub  |k https://core.palmknihy.cz/api/books/427078/preview.pdf  |l   |q 49  |r 1  |s https://www.palmknihy.cz/kniha/427078  |t ebook  |y 2026  |z 1 
999 |d 302765